书目信息 |
| 题名: |
大理 大理
|
|
| 作者: | 于芳 著 | |
| 分册: | ||
| 出版信息: | 北京 清华大学出版社 2015.08 |
|
| 页数: | 132页 | |
| 开本: | 21cm | |
| 丛书名: | ||
| 单 册: | ||
| 中图分类: | K928.974.2 | |
| 科图分类: | ||
| 主题词: | 旅游指南--大理白族自治州 , 旅游指南--大理白族自治州 , 旅游指南--大理白族自治州 | |
| 电子资源: | ||
| ISBN: | 978-7-302-40947-2 | |
| 000 | 00939nam0 2200289 450 | |
| 001 | 2225 | |
| 001 | 01XX11399059@CSLN | |
| 001 | 01XX11399059@CSLN | |
| 005 | 20161205110129.15 | |
| 010 | @a978-7-302-40947-2@dCNY35.00 | |
| 100 | @a20150814d2015 em y0chiy0110 ea | |
| 101 | 0 | @achi |
| 102 | @aCN@b110000 | |
| 105 | @aa z 000yy | |
| 200 | 1 | @a大理 大理@9da li da li@b专著@eDIY旅游笔记书@f于芳著 |
| 210 | @a北京@c清华大学出版社@d2015.08 | |
| 215 | @a132页@c图@d21cm | |
| 330 | @a本书不仅简要介绍了大理的人文、地貌、景点等,还为游客“悦”享大理提供了随时记录美好心情的指导。 | |
| 333 | @a本书适用于旅游爱好者 | |
| 517 | 1 | @aDIY旅游笔记书@9DIY lv you bi ji shu |
| 606 | 0 | @a旅游指南@y大理白族自治州 |
| 606 | @a旅游指南@y大理白族自治州 | |
| 606 | @a旅游指南@y大理白族自治州 | |
| 690 | @aK928.974.2@v5 | |
| 701 | 0 | @a于芳@9yu fang@4著 |
| 801 | 0 | @aCN@b大连网信软件有限公司图书馆·11@c20161205 |
| 905 | @aZUCC@dK928.974.2@e945 | |
| 大理 大理:DIY旅游笔记书/于芳著.-北京:清华大学出版社,2015.08 |
| 132页:图;21cm |
| 使用对象:本书适用于旅游爱好者 |
| ISBN 978-7-302-40947-2:CNY35.00 |
| 本书不仅简要介绍了大理的人文、地貌、景点等,还为游客“悦”享大理提供了随时记录美好心情的指导。 |
| ● |
| 相关链接 |
|
|
|
|
正题名:大理 大理
索取号:K928.974.2/945
 
预约/预借
| 序号 | 登录号 | 条形码 | 馆藏地/架位号 | 状态 | 备注 |
| 1 | 910561 | 209105617 | 第二样本阅览室/ [索取号:K928.974.2/945] | 在馆 | |
| 2 | 910562 | 209105626 | 第二借阅区/ [索取号:K928.974.2/945] | 在馆 | |
| 3 | 910563 | 209105635 | 第二借阅区/ [索取号:K928.974.2/945] | 在馆 | |
| 4 | 910564 | 209105644 | 第二借阅区/ [索取号:K928.974.2/945] | 在馆 | |
| 5 | 910565 | 209105653 | 第二借阅区/ [索取号:K928.974.2/945] | 在馆 |